000 00905nam a2200265Ia 4500
003 OSt
005 20220923211235.0
006 a|||||r|||| 00| 0
007 ta
008 Pun
020 _a9788171436583 (hbk)
_c350
024 _a324,095
037 _b1008, 15/01/2018, H.K. Prakashan
_cTextual
040 _aARTS
_cARTS
_bPun
041 _2Pun
_aPun
082 _aO153,6w, Q7
100 _aਪ੍ਰਿਤਪਾਲ ਕੌਰ, ਂਚ.
_9159994
245 0 _aਅਕੱਥ ਕਹਾਣੀ ਪ੍ਰੇਮ ਕੀ
260 _aਅੰਮ੍ਰਿਤਸਰ
_b ਰਵੀ ਸਾਹਿਤ ਪ੍ਰਕਾFਨ
_c2017
300 _a287ਪੰ
_ccm.
650 _a ਪੰਜਾਬੀ ਨਿਬੰਧ
650 _aਪੰਜਾਬੀ ਸਾਹਿਤ
942 _hO153,6w, Q7
_cTEXL
_2CC
999 _c297483
_d297483